| 000 | 01515nam a22002417a 4500 | ||
|---|---|---|---|
| 003 | NALT | ||
| 005 | 20220830103814.0 | ||
| 008 | 220427b th ||||| |||| 00| 0 tha d | ||
| 020 | _a9789740202288 | ||
| 040 | _aNALT | ||
| 050 |
_aJQ 1745.A5 _bก351ล 2551 |
||
| 110 | 2 |
_911661 _aกองบรรณาธิการมติชน |
|
| 245 | 1 | 0 |
_aลับ ล้วง ลึก พันธมิตรประชาชนเพื่อประชาธิปไตย / _cกองบรรณาธิการมติชน. |
| 250 | _aพิมพ์ครั้งที่ 2. | ||
| 260 |
_aกรุงเทพฯ : _bมติชน, _c2551. |
||
| 300 |
_a188 หน้า : _bภาพประกอบ ; _c21 ซม. |
||
| 505 | _aกำเนิดพันธมิตร -- ขยายเครือข่าย -- ทุน "พันธมิตรฯ" -- จาก"การ์ด" สู่ "นักรบศรีวิชัย" -- เชื้อไฟจุดพันธ์มิตรฯ -- "ปฏิบัติการไทยคู่ฟ้า" -- อำนาจรัฐชะงัก -- กลไกประชาธิปไตย -- พึ่งอำนาจทหาร | ||
| 650 | 4 |
_aการเดินขบวน _943475 |
|
| 651 | 4 |
_938624 _aไทย _xการเมืองและการปกครอง _y2549-2551 |
|
| 850 | _aNALT | ||
| 942 |
_cGB _2lcc |
||
| 998 |
_aphornvitoo _j7560 _k กรศิริรินทร์ รัตนสุภา |
||
| 999 |
_c100031 _d100031 |
||